00000000nam 2200000zi 4500
0019.952613
003CaOODSP
00520250821125154
006m     o  d f      
007cr |n|||||||||
008250623e199209##abcd    obf  f|0| 0 eng d
040 |aCaOODSP|beng|erda|cCaOODSP
041 |aeng|beng|bfre
043 |an-cn---
0861 |aDR52-2/8-1992E-PDF
1001 |aDickason, A. M.|q(Anne M.)|eauthor.
24510|aConventions for the formatting of DRES publications / |cby A.M. Dickason.
24613|aConventions for the formatting of Defence Research Establishment Suffield publications
250 |a2nd edition.
264 1|aRalston, Alberta : |bDefence Research Establishment Suffield, |cSeptember 1992.
300 |a1 online resource (vi, 15, [2] pages) : |bcharts.
336 |atext|btxt|2rdacontent
337 |acomputer|bc|2rdamedia
338 |aonline resource|bcr|2rdacarrier
4901 |aSuffield special publication ; |vNo. 126
500 |aDigitized edition from print [produced by Defence Research and Development Canada].
500 |a"Unclassified."
500 |a"Unlimited distribution."
504 |6Includes bibliographical references (page 12).
520 |a"This guide briefly describes the conventions to follow for formatting Suffield Reports, Memoranda and Special Publications. The guide states: the parts included in each publication; the information that is to appear on the title page; a description of an abstract and executive summary; general guidelines for the text itself; the conventions to follow for references and citations; and the placement and numbering of tables and figures. Examples are included. These conventions are intended to standardize publications within DRES"--page iii.
546 |aIncludes abstract in French.
61020|aDefence Research Establishment Suffield|xPublishing.
650 0|aTechnical writing|vHandbooks, manuals, etc.
650 0|aAuthorship|xStyle manuals.
650 6|aRédaction technique|vGuides, manuels, etc.
650 6|aArt d'écrire|vCodes typographiques.
655 7|aHandbooks and manuals|2lcgft
655 7|aStyle manuals|2lcgft
655 7|aGuides et manuels|2rvmgf
655 7|aCodes typographiques|2rvmgf
7102 |aDefence Research Establishment Suffield, |eissuing body.
830#0|aSuffield special publication ;|vNo. 126.|w(CaOODSP)9.926017
85640|qPDF|s548 KB|uhttps://publications.gc.ca/collections/collection_2025/rddc-drdc/DR52-2-8-1992-eng.pdf